Economics of child labour / (Record no. 66278)

MARC details
000 -LEADER
fixed length control field 00585nam a22001577a 4500
005 - DATE AND TIME OF LATEST TRANSACTION
control field 20120507121315.0
020 ## - INTERNATIONAL STANDARD BOOK NUMBER
International Standard Book Number 8176293431
Terms of availability 00.00
035 ## - SYSTEM CONTROL NUMBER
System control number B-31651
037 ## - SOURCE OF ACQUISITION
Stock number DPL
Source of stock number/acquisition ENG
245 ## - TITLE STATEMENT
Title Economics of child labour /
Statement of responsibility, etc edited by K.P. Kannan
260 ## - PUBLICATION, DISTRIBUTION, ETC. (IMPRINT)
Place of publication, distribution, etc New Delhi
Name of publisher, distributor, etc Deep and Deep Publications
Date of publication, distribution, etc 2001
300 ## - PHYSICAL DESCRIPTION
Extent xix, 267p.
Dimensions 20 cms.
700 ## - ADDED ENTRY--PERSONAL NAME
Personal name Kannan, K.P.
9 (RLIN) 46543
942 ## - ADDED ENTRY ELEMENTS (KOHA)
Source of classification or shelving scheme Dewey Decimal Classification
Item type English Books
Classification part 331.31
Call number suffix ECO
Holdings
Withdrawn status Lost status Not for loan Collection code Home library Current library Date acquired Cost, normal purchase price Full call number Barcode Cost, replacement price Koha item type
      Non-fiction Sarojini Nagar Sarojini Nagar 07/05/2012 0.00 331.31 ECO B-31651 0.00 English Books

© Delhi Public Library
Hit Counter
free hit counter